000 01455nam a2200373 i 4500
003 DO-SdBNP
005 20251107110523.0
007 ta
008 210216b2020 dr ||||| |||| 00| 0 spa d
020 _a9789945922271
040 _aDO-SdBNP
_bspa
_cBNPHU
_erda
082 4 _a028.9
_bH519i 2020
_222
100 1 _aHenríquez Ureña, Camila,
_d1894-1973
_977787
_eautora
245 1 0 _aInvitación a la lectura :
_bnotas sobre apreciación literaria /
_cCamila Henríquez Ureña ; prólogo, Ángela Hernández Núñez
264 _aSanto Domingo :
_bInstituto Superior de Formación Docente Salomé Ureña,
_c2020.
300 _a225 páginas ;
_c24 cm
336 _2rdacontent
_atexto
_btxt
337 _2rdamedia
_asin mediación
_bn
338 _2rdacarrier
_avolumen
_bnc
490 1 _aClásicos dominicanos
490 1 _aEnsayos ;
_v2
500 _aIncluye referencias bibliográficas y notas al pie de las páginas
590 _aInventariado, 2023/BT
600 1 4 _aHenríquez Ureña, Camila
_d1894-1973
_xEnsayos, conferencias, etc.
_977788
650 0 _aPromoción de la lectura
_97321
650 4 _aCompresión de la lectura
_977869
650 0 _aLibros y lectura
_91512
650 4 _aFormas literarias
_97323
650 4 _aCrítica literaria
_93141
700 1 _aHernández, Ángela,
_d1954-
_eprólogo
_92564
830 0 _aClásicos dominicanos
_pEnsayos ;
_n2
_984875
910 _aBtavárez/Validado. Control de calidad MFF
942 _2ddc
_cLBS1
999 _c49381
_d49381